[Event "ROM-ch U12 Boys"]
[Site "Voineasa"]
[Date "2008.04.13"]
[Round "3"]
[White "Pricop, Alexandru Liviu"]
[Black "Otoiu, Andrei Mihai"]
[Result "1-0"]
[WhiteElo "410"]
[BlackElo "563"]
[PlyCount "44"]
[EventDate "2008.04.08"]
[EventType "swiss"]
[EventRounds "9"]
[EventCountry "ROU"]
[SourceTitle "EXT 2013"]
[Source "ChessBase"]
[SourceDate "2012.11.22"]
[SourceVersion "1"]
[SourceVersionDate "2012.11.22"]
[SourceQuality "1"]

1. e4 e6 2. Nf3 d5 3. exd5 Qxd5 4. Nc3 Qa5 5. Bc4 Nf6 6. d3 Bb4 7. Bd2 0-0 8. a3 Bd6 9. Ne4 Qb6 10. Nxf6+ gxf6 11. Bc3 e5 12. 0-0 Bc5 13. b4 Bd6 14. Re1 Bg4 15. h3 Bh5 16. g4 Bg6 17. Nh4 e4 18. Nxg6 hxg6 19. dxe4 Bg3 20. Bd4 Qc6 21. Bd3 Bxf2+ 22. Bxf2 Qa4 1-0